00422nam a2200169 a 450000100060000000300090000600800410001502000150005604000280007108200100009910000180010924500340012726000330016130000100019449000250020465000230022919587CO-ViMGA141112s2004 ck r 000 u spa d a8426122701 aCO-ViMGAbspacCO-ViMGA04aHEUpo1 aHeuck, Sigrid10aEl Poni, el oso y la estrella aBarcelona : bJuventud; 1995 a30 p. aColección cuadrada14aCUENTOS INFANTILES